Paralyzer- Finger Eleven (Lyrics) - Statistics

General Stats
  • This quiz has been taken 42 times
  • The average score is 251 of 311
Answer Stats
Answer % Correct
be
100%
I
100%
But
93%
but
93%
by
93%
it
93%
make
93%
me
93%
move
93%
my
93%
on
93%
the
93%
to
93%
you
93%
a
86%
got
86%
has
86%
If
86%
if
86%
I'm
86%
not
86%
Not
86%
paralyzed
86%
right
86%
still
86%
struck
86%
This
86%
through
86%
wanna
86%
way
86%
what
86%
your
86%
and
79%
because
79%
been
79%
body
79%
can
79%
cool
79%
do
79%
eyes
79%
far
79%
for
79%
matches
79%
seem
79%
so
79%
standing
79%
Well
79%
you're
79%
club
71%
drink
71%
good
71%
hold
71%
in
71%
it's
71%
most
71%
one
71%
pretentious
71%
probably
71%
thing
71%
think
71%
was
71%
as
64%
close
64%
feel
64%
more
64%
nervously
64%
place
64%
shitty
64%
should
64%
That
64%
with
64%
You'll
64%
am
57%
awkward
57%
before
57%
imagining
57%
just
57%
lookin
57%
means
57%
really
57%
since
57%
too
57%
wish
57%
would
57%
hopefully
50%
hopefully)
50%
stay
50%
three
50%
(three
50%
weeks
50%
weeks)
50%
will
50%
(will
50%
home
43%
thought
43%
coolin
36%
dark-lit
36%
desperately
36%
fun
36%
of
36%
or
36%
No matching quizzes found
Score Distribution
Percent of People with Each Score
Percentile by Number Answered
Your Score History
You have not taken this quiz